00294nam a2200109Ia 450000500170000000800410001710000230005824500650008126000140014630000110016065000130017120260328104337.0260328s9999||||xx |||||||||||||| ||und|| aDel Giudice, J.C.  0aLa Vivienda :b ¿Un Problema insoluble? /cJ.C. Del Giudice bInterpol  a125 p. aVIVIENDA